000 00421cam a2200169ua 4500
020 _c1.00
041 _amal
_h
082 _a500
_bBHA/SP
100 _aBhaskara Panicker, P T .
245 _aSpace-ilekkulla yathra /
_cP T Bhaskara Panicker.
_hTextual Documents
260 _aEranakulam :
_bC I C C Book House ,
_c1962.
300 _a81.
365 _a1.00
504 _a
942 _cBK
999 _c5974
_d5974